|
|
|
|
| LEADER |
01165nam a2200205Ia 4500 |
| 008 |
150624b xxu||||| |||| 00| f mal d |
| 082 |
|
|
|a 853.3K4
|
| 100 |
|
|
|a K K N Kurup.
|
| 245 |
|
|
|c K K N Kurup.
|a Oru tharavaadinte kadha /
|
| 260 |
|
|
|c 1999.
|a Kottayam:
|b S P C S
|
| 300 |
|
|
|a 71p.
|c 21 cm
|
| 546 |
|
|
|a In Malayalam.
|
| 650 |
|
|
|v Malayalam fiction
|
| 942 |
|
|
|c BK
|
| 999 |
|
|
|c 83836
|d 83836
|
| 952 |
|
|
|0 0
|1 0
|4 0
|6 853_000000000000000_3K4_ORU_M
|7 0
|9 83776
|a UL
|b UL
|c ST1
|d 1999-07-02
|e NBS
|l 11
|m 1
|o 853.3K4 ORU M
|p 72311
|r 2017-06-16
|s 2017-05-05
|v 36.00
|y BK
|
| 952 |
|
|
|0 0
|1 0
|4 0
|6 853_000000000000000_3K4_ORU_M
|7 0
|9 83777
|a UL
|b UL
|c ST1
|d 1999-07-02
|e NBS
|l 11
|m 3
|o 853.3K4 ORU M
|p 72312
|r 2020-10-21
|s 2020-08-27
|v 36.00
|y BK
|
| 952 |
|
|
|0 1
|1 0
|4 0
|6 853_000000000000000_3K4_ORU_M
|7 0
|9 83778
|a UL
|b UL
|c ST1
|d 1999-07-02
|e NBS
|l 0
|o 853.3K4 ORU M
|p 72313
|r 2012-10-27
|v 36.00
|y BK
|
| 952 |
|
|
|0 0
|1 0
|4 0
|6 853_000000000000000_3K4_ORU_M
|7 0
|9 83779
|a UL
|b UL
|c ST1
|d 1999-07-02
|e NBS
|l 7
|o 853.3K4 ORU M
|p 72314
|r 2019-05-02
|s 2019-03-03
|v 36.00
|y BK
|
| 952 |
|
|
|0 0
|1 0
|4 0
|6 853_000000000000000_3K4_ORU_M
|7 0
|9 83780
|a UL
|b UL
|c ST1
|d 1999-07-02
|e NBS
|l 10
|m 3
|o 853.3K4 ORU M
|p 72315
|r 2021-02-15
|s 2020-03-10
|v 36.00
|y BK
|